000 00935nmm a2200289 a 4500
001 ocm000716560
003 TR-IsHL
005 20201028153442.0
008 140402s2002 tu tur
007 cr cn
020 _a9789757670360
035 _a716560
_b(N$T)
050 0 4 _aTD145
_b.A46 2002
090 0 4 _aTD145
_b.A46 2002
100 1 _aAlosman, Mirali S.
245 1 0 _aÇevre teknolojisi 1
_h[electronic resource] /
_cMirali S. Alosman
260 _aİstanbul :
_bSeç Yayın Dağıtım,
_c2002
300 _a302 p.
650 4 _aÇevre Bilimleri
650 4 _aEnvironmental Sciences
650 0 _aÇevre bilimleri
650 0 _aEnvironmental sciences
650 0 _aÇevre mühendisliği
650 0 _aEnvironmental engineering
650 7 _aTECHNOLOGY & ENGINEERING / Environmental / General
_2bisacsh
856 4 0 _uhttp://search.ebscohost.com/login.aspx?direct=true&scope=site&db=e011xww&AN=716560
999 _c12056
_d12056